Godła państw europejskich - Statystyki

Ogólne statystyki
  • Ten quiz został rozwiązany 1 536 razy
    1 236 od ostatniego zresetowania
  • Średni wynik to 32 z 50
Statystyki odpowiedzi
Obrazkowy Odpowiedź % Poprawnych
Polska
97%
Włochy
91%
Białoruś
89%
Malta
88%
Niemcy
88%
Slowacja
87%
Austria
86%
Turcja
85%
Hiszpania
83%
Islandia
83%
Szwajcaria
83%
Albania
82%
Chorwacja
82%
Portugalia
82%
Słowenia
82%
Ukraina
80%
Węgry
79%
Bośnia i Hercegowina
78%
Serbia
78%
Watykan
78%
Mołdawia
76%
Grecja
75%
Kazachstan
72%
San Marino
72%
Andora
70%
Francja
65%
Litwa
65%
Irlandia
63%
Rumunia
61%
Rosja
60%
Czechy
59%
Belgia
57%
Szwecja
57%
Bułgaria
53%
Czarnogóra
53%
Wielka Brytania
53%
Holandia
49%
Finlandia
42%
Dania
41%
Gruzja
41%
Azerbejdżan
40%
Norwegia
38%
Macedonia Północna
37%
Monako
36%
Cypr
33%
Luksemburg
33%
Estonia
32%
Liechtenstein
31%
Łotwa
29%
Armenia
26%
Nie znaleziono quizów pasujących do podanych kryteriów
Rozkład punktacji
Procent ludzi z każdym wynikiem
Percentyl według liczby udzielonych odpowiedzi
Twoja historia wyników
Nie rozwiązałeś tego quizu od ostatniego zresetowania